Hyderabad : (Record no. 62074)
[ view plain ]
| 000 -LEADER | |
|---|---|
| fixed length control field | 01527nam a22002537a 4500 |
| 005 - DATE AND TIME OF LATEST TRANSACTION | |
| control field | 20120206110714.0 |
| 010 ## - LCCN (DPL NO) | |
| LC control number | B-452394-398 |
| 020 ## - INTERNATIONAL STANDARD BOOK NUMBER | |
| International Standard Book Number | 8125015655 |
| Terms of availability | 695.00 |
| 020 ## - INTERNATIONAL STANDARD BOOK NUMBER | |
| International Standard Book Number | 9788125032601 |
| Terms of availability | 695.00 |
| 035 ## - SYSTEM CONTROL NUMBER | |
| System control number | B-452394-398 |
| 037 ## - SOURCE OF ACQUISITION | |
| Source of stock number/acquisition | Virtuous Pub. |
| 100 ## - MAIN ENTRY--PERSONAL NAME | |
| Personal name | Rao,C.V.Subba |
| 245 ## - TITLE STATEMENT | |
| Title | Hyderabad : |
| Statement of responsibility, etc | by Joyce Burkhalter Flueckiger |
| Remainder of title | the social context of industrialisation,1875-1948 / |
| 260 ## - PUBLICATION, DISTRIBUTION, ETC. (IMPRINT) | |
| Place of publication, distribution, etc | New Delhi |
| Name of publisher, distributor, etc | Orient Longman |
| Date of publication, distribution, etc | 2007 |
| 270 ## - ADDRESS | |
| Address | 1/24 Asaf Ali Road, |
| City | New Delhi |
| Postal code | 110002 |
| 300 ## - PHYSICAL DESCRIPTION | |
| Extent | xxii,218p. |
| Dimensions | 22cm(Hb) |
| 500 ## - GENERAL NOTE | |
| General note | Includes bibliographical references and index |
| 942 ## - ADDED ENTRY ELEMENTS (KOHA) | |
| Source of classification or shelving scheme | Dewey Decimal Classification |
| Item type | English Books |
| Call number suffix | RAO |
| Withdrawn status | Lost status | Not for loan | Collection code | Home library | Current library | Date acquired | Source of acquisition | Cost, normal purchase price | Full call number | Barcode | Copy number | Cost, replacement price | Koha item type |
|---|---|---|---|---|---|---|---|---|---|---|---|---|---|
| Non-fiction | Central Library | Central Library | 17/02/2012 | Virtuous Pub./686/14.10.11/05/15.9.11/29.11.11 | 695.00 | 954.32 RAO | B-452394 | 1 | 695.00 | English Books | |||
| Non-fiction | Karol Bagh | Karol Bagh | 17/02/2012 | Virtuous Pub./686/14.10.11/05/15.9.11/29.11.11 | 695.00 | 954.32 RAO | B-452397 | 1 | 695.00 | English Books | |||
| Non-fiction | Patel Nagar | Patel Nagar | 17/02/2012 | Virtuous Pub./686/14.10.11/05/15.9.11/29.11.11 | 695.00 | 954.32 RAO | B-452395 | 1 | 695.00 | English Books | |||
| Non-fiction | Sarojini Nagar | Sarojini Nagar | 17/02/2012 | Virtuous Pub./686/14.10.11/05/15.9.11/29.11.11 | 695.00 | 954.32 RAO | B-452396 | 1 | 695.00 | English Books | |||
| Written-off vide DLB M. No. 383 dt 16.05.19 | Non-fiction | Shahdara Branch | Shahdara Branch | 17/02/2012 | Virtuous Pub./686/14.10.11/05/15.9.11/29.11.11 | 695.00 | 954.32 RAO | B-452398 | 1 | 695.00 | English Books |
